Inventory management software manual /

This book is about: Introduction to inventory management; Introducing the software; Static lot sizing models; Dynamic lot sizing model; and Probabilistic models.

Guardado en:
Detalles Bibliográficos
Autor principal: Morton, Thomas E., 1937-
Formato: Libro
Lenguaje:English
Publicado: Cincinnati ; London : South-Western College, 1999.
Materias:
Etiquetas: Agregar Etiqueta
Sin Etiquetas, Sea el primero en etiquetar este registro!
Thư viện lưu trữ: Mạng thư viện Đại học Đà Nẵng
LEADER 01146cam a2200349 i 4500
001 000049129
003 8858
005 20051111142514.0
008 010321b1999 vm 000 eng
020 |a 087709537X 
040 |a IRC  |c IRC  |d IRC 
041 0 |a eng 
082 1 4 |a 658.7870285  |b MO-T 
100 1 |a Morton, Thomas E.,  |d 1937- 
245 0 0 |a Inventory management software manual /  |c Thomas E. Morton, [with] Onur Genc and Pablo Peani. 
260 |a Cincinnati ; London :  |b South-Western College,  |c 1999. 
300 |a v, 112 p. :  |b ill. ;  |c 27.5cm. 
520 3 |a This book is about: Introduction to inventory management; Introducing the software; Static lot sizing models; Dynamic lot sizing model; and Probabilistic models. 
630 0 4 |a Management. 
630 0 4 |a Computer programs. 
630 0 4 |a Inventory control. 
650 0 4 |a Inventory control  |x Computer programs  |v Handbooks, manuals, etc. 
OWN |a DUT 
999 |a From the UDN01 
TYP |a Monograph 
TYP |a Printed language 
980 |a Mạng thư viện Đại học Đà Nẵng